000 00419nam a2200181Ia 4500
005 20240823045914.0
008 240823s9999||||xx |||||||||||||| ||und||
041 _aENGLISH
082 _A337 M3
100 _aMannur H G
245 0 _aInternational Economics
250 _a1st
260 _c1983
_b"Vikas,New Delhi"
500 _aYES
650 _aManagement
_bManagement Studies
942 _cBK
999 _c216031
_d216031